banner koha

Efeitos do manejo mecanico e quimico da aveia-preta no milho em sucessao e no controle do capim-papua (Registro n. 168129)

MARC details
000 -LÍDER
campo de controle de tamanho fixo 00981nas a2200325 4500
001 - NÚMERO DE CONTROLE
campo de controle BR0104549
003 - IDENTIFICADOR DO NÚMERO DE CONTROLE
campo de controle BR-BrBNA
005 - DATA E HORÁRIO DA ÚLTIMA TRANSAÇÃO
campo de controle 20231205102542.0
007 - CAMPO FIXO DE DESCRIÇÃO FÍSICA--INFORMAÇÃO GERAL
campo de controle de tamanho fixo ta
008 - CAMPO DE DADOS FIXOS--INFORMAÇÃO GERAL
campo de controle de tamanho fixo 230509b bl.|||p| |||| 00| 00por d
040 ## - FONTE DA CATALOGAÇÃO
Instituição da catalogação original BR-BrBNA
Idioma da catalogação por
Instituição que transcreveu o registro Biblioteca Nacional de Agricultura
041 ## - CÓDIGO DE IDIOMA
Código do idioma do texto/trilha sonora ou título diferente (Pt)
072 ## - CÓDIGO DE CATEGORIA DE ASSUNTO
Código de Categoria de Assunto F08; H60
100 1# - ENTRADA PRINCIPAL--NOME PESSOAL
Nome pessoal Argenta, G.
100 1# - ENTRADA PRINCIPAL--NOME PESSOAL
Nome pessoal Silva, P.R.F. da
100 1# - ENTRADA PRINCIPAL--NOME PESSOAL
Nome pessoal Fleck, N.G.
100 1# - ENTRADA PRINCIPAL--NOME PESSOAL
Nome pessoal Bortolini, C.G.
100 1# - ENTRADA PRINCIPAL--NOME PESSOAL
Nome pessoal Neves, R.
100 1# - ENTRADA PRINCIPAL--NOME PESSOAL
Nome pessoal Agostinetto, D.
245 1# - TÍTULO
Título Efeitos do manejo mecanico e quimico da aveia-preta no milho em sucessao e no controle do capim-papua
650 ## - ASSUNTO--TERMO TÓPICO
Cabeçalho tópico ou nome geográfico Aveia Forrageira
650 ## - ASSUNTO--TERMO TÓPICO
Cabeçalho tópico ou nome geográfico Milho
650 ## - ASSUNTO--TERMO TÓPICO
Cabeçalho tópico ou nome geográfico Papua
650 ## - ASSUNTO--TERMO TÓPICO
Cabeçalho tópico ou nome geográfico Consorciacao de Cultura
650 ## - ASSUNTO--TERMO TÓPICO
Cabeçalho tópico ou nome geográfico Controle Mecanico
650 ## - ASSUNTO--TERMO TÓPICO
Cabeçalho tópico ou nome geográfico Controle Quimico
773 0# - ENTRADA ANALÍTICA
Título Pesquisa Agropecuaria Brasileira (Brazil)
ISSN - International Standard Serial Number ISSN 0100-204X
Partes relacionadas (Jun 2001), v. 36(6) p. 851-860
Número de controle do registro BR0104549
909 ## -
-- 202311
-- Lúcia
-- 55
-- Lúcia Elande
942 ## - ELEMENTOS DE ENTRADA ADICIONADOS (KOHA)
Fonte da classificação ou esquema de arquivamento na estante Classificação AGRIS
Ocultar no OPAC Não
Tipo de material Koha Analítica
Exemplares
Situação do descarte Fonte da classificação ou esquema de arquivamento na estante Situação física Não pode ser emprestado Biblioteca de origem Biblioteca atual Localização na estante Enumeração do periódico / cronologia Total de empréstimos Data de último acesso Número do exemplar Tipo de material Koha Fonte de aquisição
  Classificação AGRIS   Consulta local Biblioteca Nacional de Agricultura - Binagri Biblioteca Nacional de Agricultura - Binagri   (Jun 2001), v. 36(6) p. 851-860   29/11/2023 01 Periódicos Portaria Interministerial nº 164/94

BINAGRI

Telefone: (61)3218-2567/2388/3357/2097 - binagri@agro.gov.br

Ministério da Agricultura e Pecuária , Esplanada dos Ministérios, Bloco D, Anexo B, Brasília/DF, CEP: 70.043-900